NEC3 Compared and Contrasted (Record no. 115749)
[ view plain ]
| 000 -LEADER | |
|---|---|
| fixed length control field | 00948cam a22002415a 4500 |
| 001 - CONTROL NUMBER | |
| control field | L159226 |
| 008 - FIXED-LENGTH DATA ELEMENTS--GENERAL INFORMATION | |
| fixed length control field | 160321s2015 xxk f 000 0 eng d |
| 020 ## - INTERNATIONAL STANDARD BOOK NUMBER | |
| International Standard Book Number | 9780727741097 |
| 035 ## - SYSTEM CONTROL NUMBER | |
| System control number | (Sirsi) u159226 |
| 041 0# - LANGUAGE CODE | |
| Language code of text/sound track or separate title | eng |
| 050 04 - LIBRARY OF CONGRESS CALL NUMBER | |
| Classification number | 624.08 |
| 100 1# - MAIN ENTRY--PERSONAL NAME | |
| Personal name | Forward, Frances |
| 245 00 - TITLE STATEMENT | |
| Title | NEC3 Compared and Contrasted |
| 250 ## - EDITION STATEMENT | |
| Edition statement | 2nd |
| 260 ## - PUBLICATION, DISTRIBUTION, ETC. | |
| Place of publication, distribution, etc. | London |
| Name of publisher, distributor, etc. | ICE Publishing |
| Date of publication, distribution, etc. | 2015 |
| 300 ## - PHYSICAL DESCRIPTION | |
| Extent | xvi, 131p, 24cm |
| 520 ## - SUMMARY, ETC. | |
| Summary, etc. | Provides the latest practical guidance on NEC3 and other relevant industry standard form contracts. Includes advice on deciding which contract to use for a particular project and examines both professional services and construction contracts in the context of partnering. Also includes an overview of international contracts from Hong Kong, Australia, South Africa and Germany. |
| 590 ## - LOCAL NOTE (RLIN) | |
| Local note | KA |
| 651 #4 - SUBJECT ADDED ENTRY--GEOGRAPHIC NAME | |
| Geographic name | United Kingdom |
| 651 #4 - SUBJECT ADDED ENTRY--GEOGRAPHIC NAME | |
| Geographic name | International |
| 690 ## - LOCAL SUBJECT ADDED ENTRY--TOPICAL TERM (OCLC, RLIN) | |
| Topical term or geographic name as entry element | Construction management |
| 9 (RLIN) | 6230 |
| 942 ## - ADDED ENTRY ELEMENTS (KOHA) | |
| Suppress in OPAC | 0 |
| Withdrawn status | Lost status | Source of classification or shelving scheme | Damaged status | Not for loan | Home library | Current library | Shelving location | Date acquired | Total Checkouts | Full call number | Barcode | Date last seen | Copy number | Price effective from | Koha item type |
|---|---|---|---|---|---|---|---|---|---|---|---|---|---|---|---|
| Dewey Decimal Classification | London | London | Books | 21/03/2016 | 624.08 | 30075280 | 06/08/2019 | 1 | 06/08/2019 | Book |